000 00595nam a22002057a 4500
999 _c1962
_d1962
003 AR-CdUCM
008 190228b ||||| |||| 00| 0 spa d
040 _aMUNICIPALIDAD PROVINCIAL DEL CUSCO
_cBIBLIOTECA MUNICIPAL DEL CUSCO
082 _a869.56 /
_bH51
100 _aHidalgo, José
_97173
245 _aPanconté /
260 _aPerú :
_bUniverso ;
_c1974.
300 _a151 páginas
_bfotografías
_c21cm
440 _aSerie Novela Universo
_n1
_97174
505 _aNovela
650 _aNovela
_95
650 _aLiteratura peruana
_97175
942 _2ddc
_cLIBROS
945 _anom
_d2019-02-28